Serbian National Football Team - Leading Goal Scorers - Statistics

General Stats
  • This quiz has been taken 123 times
  • The average score is 5 of 10
Answer Stats
Goals Player % Correct
36 Aleksandar Mitrovic
93%
16 Dusan Tadic
78%
11 Aleksandar Kolarov
60%
16 Nikola Zigic
53%
13 Branislav Ivanovic
51%
10 Marko Pantelic
38%
11 Milan Jovanovic
36%
9 Adem Ljajic
22%
11 Zoran Tosic
21%
11 Danko Lazovic
12%
No matching quizzes found
Score Distribution
Percent of People with Each Score
Percentile by Number Answered
Your Score History
You have not taken this quiz